THE CONSTITUTION OF INDIA (Record no. 51644)
[ view plain ]
| 000 -LEADER | |
|---|---|
| fixed length control field | nam a22 7a 4500 |
| 003 - CONTROL NUMBER IDENTIFIER | |
| control field | OSt |
| 005 - DATE AND TIME OF LATEST TRANSACTION | |
| control field | 20220412152744.0 |
| 008 - FIXED-LENGTH DATA ELEMENTS--GENERAL INFORMATION | |
| fixed length control field | 220412b xxu||||| |||| 00| 0 eng d |
| 040 ## - CATALOGING SOURCE | |
| Transcribing agency | SEROSOFT |
| 100 ## - MAIN ENTRY--PERSONAL NAME | |
| Personal name | BARE ACT |
| 245 ## - TITLE STATEMENT | |
| Title | THE CONSTITUTION OF INDIA |
| 260 ## - PUBLICATION, DISTRIBUTION, ETC. | |
| Place of publication, distribution, etc. | ALP |
| 300 ## - PHYSICAL DESCRIPTION | |
| Extent | 251 |
| 942 ## - ADDED ENTRY ELEMENTS (KOHA) | |
| Source of classification or shelving scheme | |
| Koha item type | Text-Book- for 7 days |
| Withdrawn status | Lost status | Source of classification or shelving scheme | Damaged status | Not for loan | Home library | Current library | Date acquired | Source of acquisition | Cost, normal purchase price | Inventory number | Total Checkouts | Barcode | Date last seen | Date last checked out | Price effective from | Koha item type | Checked out | Total Renewals |
|---|---|---|---|---|---|---|---|---|---|---|---|---|---|---|---|---|---|---|
| IIMT University College of Law | IIMT University College of Law | 04/12/2022 | W | 400.00 | 10,04/04/22 | 28 | 04-B-9775 | 05/11/2026 | 05/02/2026 | 04/12/2022 | Text-Book- for 7 days | |||||||
| IIMT University College of Law | IIMT University College of Law | 04/12/2022 | W | 400.00 | 10,04/04/22 | 11 | 04-B-9776 | 05/06/2026 | 05/06/2026 | 04/12/2022 | Text-Book- for 7 days | 05/13/2026 | ||||||
| IIMT University College of Law | IIMT University College of Law | 04/12/2022 | W | 400.00 | 10,04/04/22 | 14 | 04-B-9777 | 01/23/2026 | 12/12/2025 | 04/12/2022 | Text-Book- for 7 days | |||||||
| IIMT University College of Law | IIMT University College of Law | 04/12/2022 | W | 400.00 | 10,04/04/22 | 19 | 04-B-9778 | 02/13/2026 | 02/13/2026 | 04/12/2022 | Text-Book- for 7 days | 07/31/2026 | 2 | |||||
| IIMT University College of Law | IIMT University College of Law | 04/12/2022 | W | 400.00 | 10,04/04/22 | 7 | 04-B-9779 | 05/24/2024 | 05/15/2024 | 04/12/2022 | Text-Book- for 7 days |

